Hướng dẫn biên soạn gia phả
Gorde:
| Egile nagusia: | |
|---|---|
| Formatua: | Liburua |
| Hizkuntza: | Undetermined |
| Argitaratua: |
VHDT
2002
|
| Etiketak: |
Etiketa erantsi
Etiketarik gabe, Izan zaitez lehena erregistro honi etiketa jartzen!
|
| Thư viện lưu trữ: | Trung tâm Học liệu Trường Đại học Cần Thơ |
|---|
| LEADER | 00441nam a2200145Ia 4500 | ||
|---|---|---|---|
| 001 | CTU_48617 | ||
| 008 | 210402s9999 xx 000 0 und d | ||
| 082 | |a 929.1 | ||
| 082 | |b T305 | ||
| 100 | |a NGUYỄN QUANG TiỂN | ||
| 245 | 0 | |a Hướng dẫn biên soạn gia phả | |
| 245 | 0 | |c NGUYỄN QUANG TiỂN, NGUYỄN QUANG TUYỂN | |
| 260 | |b VHDT | ||
| 260 | |c 2002 | ||
| 980 | |a Trung tâm Học liệu Trường Đại học Cần Thơ | ||